Statistics for Counties In New Hampshire

Click here to take the quiz!

General Stats

  • This quiz has been taken 23 times
  • The average score is 6 of 10

Answer Stats

Answer% Correct
Coos
93%
Merrimack
80%
Sullivan
67%
Carrol
60%
Hillsborough
60%
Rockingham
60%
Belknap
53%
Grafton
53%
Cheshire
47%
Strafford
47%

Score Distribution

Percentile by Number Answered

Percent of People with Each Score

Your Score History

You have not taken this quiz